[Event "CRO-chT Cup 22nd"]
[Site "Bol"]
[Date "2013.05.24"]
[Round "4.103"]
[White "Milosavljevic, Jovan"]
[Black "Jankovic, Mirko"]
[Result "0-1"]
[WhiteElo "2078"]
[BlackElo "2075"]
[PlyCount "66"]
[EventDate "2013.05.22"]
[EventType "team"]
[EventRounds "6"]
[EventCountry "CRO"]
[SourceTitle "CBM 154 Extra"]
[Source "ChessBase"]
[SourceDate "2013.06.25"]
[SourceVersion "2"]
[SourceVersionDate "2013.06.25"]
[SourceQuality "1"]
[WhiteTeam "Split Mornar"]
[BlackTeam "Zabok Polet"]
[WhiteTeamCountry "CRO"]
[BlackTeamCountry "CRO"]

1. d4 Nf6 2. c4 g6 3. Nc3 d5 4. cxd5 Nxd5 5. e4 Nxc3 6. bxc3 Bg7 7. Bc4 0-0 8. Ne2 c5 9. Be3 Nc6 10. 0-0 Bg4 11. f3 cxd4 12. cxd4 Na5 13. Bd3 Be6 14. Qa4 a6 15. Rac1 b5 16. Qb4 Bxa2 17. Rfd1 Bc4 18. f4 Bxd3 19. Rxd3 Nc4 20. Bf2 Qd7 21. Rg3 Bf6 22. Rf3 e6 23. g4 Rfc8 24. g5 a5 25. Qe1 Be7 26. Be3 Qb7 27. Ng3 b4 28. Rf1 b3 29. f5 b2 30. Rd1 a4 31. fxe6 fxe6 32. d5 Nxe3 33. Qxe3 Bc5 0-1

[Event "CRO-chT Cup 22nd"]
[Site "Bol"]
[Date "2013.05.23"]
[Round "3.73"]
[White "Jankovic, Mirko"]
[Black "Zovko, Mario"]
[Result "1/2-1/2"]
[WhiteElo "2075"]
[BlackElo "2294"]
[PlyCount "92"]
[EventDate "2013.05.22"]
[EventType "team"]
[EventRounds "6"]
[EventCountry "CRO"]
[SourceTitle "CBM 154 Extra"]
[Source "ChessBase"]
[SourceDate "2013.06.25"]
[SourceVersion "2"]
[SourceVersionDate "2013.06.25"]
[SourceQuality "1"]
[WhiteTeam "Zabok Polet"]
[BlackTeam "Vukovar"]
[WhiteTeamCountry "CRO"]
[BlackTeamCountry "CRO"]

1. e4 c6 2. d4 d5 3. Nc3 dxe4 4. Nxe4 Bf5 5. Ng3 Bg6 6. h4 h6 7. Nf3 Nd7 8. h5 Bh7 9. Bd3 Bxd3 10. Qxd3 Qc7 11. Bd2 e6 12. 0-0-0 Ngf6 13. Qe2 0-0-0 14. Ne5 Nb6 15. Ba5 c5 16. Bxb6 axb6 17. dxc5 Bxc5 18. Nd3 Rd4 19. Nxc5 Qf4+ 20. Kb1 Rxd1+ 21. Rxd1 bxc5 22. Qd2 Qxd2 23. Rxd2 Rd8 24. Kc1 Rxd2 25. Kxd2 Kd7 26. c4 Kc6 27. Kd3 b6 28. f3 Kd7 29. Ke3 Kc6 30. Kd3 Nd7 31. Ke3 Ne5 32. b3 Nd7 33. Ne2 Kd6 34. g4 Nb8 35. Nc3 Nc6 36. Ne4+ Kd7 37. Nc3 Nb4 38. Ke4 Nc6 39. Ke3 Nd4 40. Ke4 Nc6 41. Ke3 Ne7 42. Kd3 Nc8 43. Ke3 Kd6 44. Ne4+ Kd7 45. Nc3 Nd6 46. Kd3 Ne8 1/2-1/2

[Event "CRO Cup 21st"]
[Site "Sibenik"]
[Date "2012.05.17"]
[Round "3.73"]
[White "Rubil, Marko"]
[Black "Jankovic, Mirko"]
[Result "0-1"]
[WhiteElo "2216"]
[BlackElo "2086"]
[PlyCount "94"]
[EventDate "2012.05.16"]
[EventType "team-swiss"]
[EventRounds "6"]
[EventCountry "CRO"]
[SourceTitle "CBM 148 Extra"]
[Source "ChessBase"]
[SourceDate "2012.06.22"]
[SourceVersion "1"]
[SourceVersionDate "2012.06.22"]
[SourceQuality "1"]
[WhiteTeam "Strigova Stridon"]
[BlackTeam "Zabok Polet"]
[WhiteTeamCountry "CRO"]
[BlackTeamCountry "CRO"]

1. e4 c5 2. Nf3 e6 3. d4 cxd4 4. Nxd4 Nf6 5. Nc3 d6 6. g4 h6 7. h4 Nc6 8. Rg1 h5 9. gxh5 Nxh5 10. Bg5 Qb6 11. Ndb5 a6 12. Be2 axb5 13. Bxh5 b4 14. Nb1 g6 15. Be2 Bg7 16. Nd2 d5 17. Be3 Qc7 18. h5 Qh2 19. Rg3 Qh1+ 20. Nf1 Bxb2 21. Bf3 Bc3+ 22. Ke2 Qh4 23. Bg5 Nd4+ 24. Ke3 Qxg3 25. Nxg3 Bxa1 26. hxg6 Ra3+ 27. c3 Rxc3+ 28. Kxd4 Rc1+ 29. Kd3 Rxd1+ 30. Bxd1 fxg6 31. Bf3 Rf8 32. Ke2 d4 33. e5 d3+ 34. Ke3 Bb2 35. Bf6 Bd7 36. Be4 Kf7 37. Bxd3 Bc6 38. Ne4 Bxe4 39. Kxe4 Ra8 40. Bc4 Ra5 41. f4 Rc5 42. Bb3 Rc3 43. Bg5 Rh3 44. Bc4 Rc3 45. Bb3 Bc1 46. Kd4 Be3+ 47. Ke4 Bc5 0-1

[Event "CRO-chT3 Center-A"]
[Site "Zagreb"]
[Date "2011.04.03"]
[Round "5.23"]
[White "Jankovic, Mirko"]
[Black "Stankovic, Andrej"]
[Result "1-0"]
[WhiteElo "2048"]
[BlackElo "2126"]
[PlyCount "103"]
[EventDate "2011.03.13"]
[EventType "team-tourn"]
[EventRounds "11"]
[EventCountry "CRO"]
[SourceTitle "EXT 2014"]
[Source "ChessBase"]
[SourceDate "2013.11.20"]
[SourceVersion "1"]
[SourceVersionDate "2013.11.20"]
[SourceQuality "1"]

1. e4 d5 2. exd5 Qxd5 3. Nc3 Qa5 4. d4 Nf6 5. Nf3 Bg4 6. h3 Bh5 7. g4 Bg6 8. Ne5 c6 9. Bg2 e6 10. Qe2 Bb4 11. Bd2 Bxc2 12. Rc1 Ba4 13. Nc4 Qa6 14. b3 Bb5 15. Nxb5 Qxb5 16. Nd6+ Bxd6 17. Qxb5 cxb5 18. Bxb7 Nbd7 19. Bxa8 Ke7 20. Bc6 Rb8 21. Bg5 Rb6 22. Bxd7 Kxd7 23. Bxf6 gxf6 24. Ke2 Ra6 25. Rc2 Ra3 26. h4 a5 27. Rd1 a4 28. Rd3 b4 29. Ke3 axb3 30. axb3 Ra1 31. h5 h6 32. Re2 Ra3 33. Ke4 Ra1 34. d5 Ke7 35. dxe6 fxe6 36. Red2 Ra6 37. f4 Rc6 38. f5 e5 39. Ra2 Bc5 40. Ra8 Bd4 41. Rh8 Rc1 42. Rxh6 Re1+ 43. Kd5 Rg1 44. Rg6 Bc3 45. Rg7+ Kf8 46. h6 Rh1 47. Rg6 Kf7 48. Kc4 e4 49. Rd7+ Ke8 50. Rb7 Kf8 51. h7 e3 52. Rg8# 1-0

[Event "CRO-chT3A Center"]
[Site "Zagreb"]
[Date "2010.04.18"]
[Round "4.33"]
[White "Jankovic, Mirko"]
[Black "Sonntag, Slavko"]
[Result "1-0"]
[WhiteElo "2076"]
[BlackElo "1850"]
[PlyCount "93"]
[EventDate "2010.03.21"]
[EventType "team-tourn"]
[EventRounds "11"]
[EventCountry "CRO"]
[SourceTitle "EXT 2012"]
[Source "ChessBase"]
[SourceDate "2011.11.24"]
[SourceVersion "1"]
[SourceVersionDate "2011.11.24"]
[SourceQuality "1"]

1. e4 c6 2. d4 d5 3. Nc3 dxe4 4. Nxe4 Nd7 5. Ng5 h6 6. Ne6 Qb6 7. Nxf8 Nxf8 8. Nf3 Bg4 9. Be2 0-0-0 10. Ne5 Be6 11. c3 c5 12. Be3 f6 13. Nd3 c4 14. Nc5 Bd5 15. 0-0 Nd7 16. Bf3 Qc6 17. Bxd5 Qxd5 18. Qa4 Kb8 19. Bf4+ Ka8 20. Bc7 Nxc5 21. dxc5 Rc8 22. Bb6 a6 23. Rfd1 Qe6 24. Rd4 f5 25. Rxc4 Nf6 26. Qb3 Ne4 27. Qb4 Rc6 28. Rd4 Rhc8 29. Re1 Qxa2 30. f3 Nf6 31. c4 e6 32. b3 a5 33. Bxa5 Ra6 34. Bb6 f4 35. Rd2 Qa3 36. Qc3 Ne8 37. Red1 Nc7 38. Rd8 Kb8 39. Qe5 Rxb6 40. cxb6 Qe7 41. R8d7 Qb4 42. Rxc7 Qxb6+ 43. Rc5+ Rc7 44. Rd8+ Ka7 45. Qxc7 Ka6 46. Ra8+ Qa7 47. Qa5# 1-0